Central Library OPAC University of Rajshahi

An Introduction to Islamic Culture and Philosophy / (Record no. 20243)

MARC details
000 -LEADER
fixed length control field 00646nam a22002297a 4500
001 - CONTROL NUMBER
control field 20243
003 - CONTROL NUMBER IDENTIFIER
rucl marc code BD-RjUL
005 - DATE AND TIME OF LATEST TRANSACTION
control field 20250309103201.0
008 - FIXED-LENGTH DATA ELEMENTS--GENERAL INFORMATION
fixed length control field 140227s1963 bg ||||| |||| 00| 0 eng d
035 ## - SYSTEM CONTROL NUMBER
System control number (BD-RjUL)20243
040 ## - CATALOGING SOURCE
Original cataloging agency BD-RjUL
Language of cataloging eng
Transcribing agency BD-RjUL
Modifying agency BD-RjUL
041 ## - LANGUAGE CODE
Language code of text/sound track or separate title eng
082 04 - DEWEY DECIMAL CLASSIFICATION NUMBER
Edition number 23
Classification number 297.209561
Author mark and year RAI 1963
100 1# - MAIN ENTRY--PERSONAL NAME
Personal name Rahman, Syedur
9 (RLIN) 62399
245 #3 - TITLE STATEMENT
Title An Introduction to Islamic Culture and Philosophy /
Statement of responsibility, etc. by Syedur Rahman
250 ## - EDITION STATEMENT
Edition statement 3rd ed.
260 ## - PUBLICATION, DISTRIBUTION, ETC. (IMPRINT)
Place of publication, distribution, etc. Dhaka :
Name of publisher, distributor, etc. Mullick brother,
Date of publication, distribution, etc. 1963.
300 ## - PHYSICAL DESCRIPTION
Pagination xii, 238p. ;
Size 20cm.
650 #0 - SUBJECT ADDED ENTRY--TOPICAL TERM
Topical term or geographic name as entry element Islamic philosophy.
9 (RLIN) 3905
700 1# - ADDED ENTRY--PERSONAL NAME
Personal name Ahmed, M.
942 ## - ADDED ENTRY ELEMENTS (KOHA)
Source of classification or shelving scheme Dewey Decimal Classification
Koha item type Books
Holdings
Lost status Source of classification or shelving scheme Damaged status Not for loan Collection code Permanent Location Current Location Shelving location Date acquired Source of acquisition Cost, normal purchase price Total Checkouts Full call number Date last seen Date checked out Copy number Koha item type
  Dewey Decimal Classification     Non-fiction Central Library, University of Rajshahi Central Library, University of Rajshahi General Stacks 10/02/1967 Eureca 9.00 4 297.209561 RAI 1963 06/10/2025 18/09/2025 C-7 Books
  Dewey Decimal Classification   Not For Loan Non-fiction Central Library, University of Rajshahi Central Library, University of Rajshahi Reading Room 10/02/1967 Eurala Book Agency 9.00   297.209561 RAI 1963 09/03/2025   C-1 Books